Загрузка...
Your first BASIC program
| Главный автор: | |
|---|---|
| Формат: | Printed Book |
| Опубликовано: |
BPB Pubilications, New Delhi
1986
|
| Предметы: |
| LEADER | 00512nam a2200193 4500 | ||
|---|---|---|---|
| 020 | |||
| 082 | |a R 005.13B ZAK-Y | ||
| 100 | |a Zaks, Rodnay | ||
| 245 | |a Your first BASIC program | ||
| 250 | |||
| 260 | |a BPB Pubilications, New Delhi |c 1986 | ||
| 300 | |a 186 | ||
| 490 | |||
| 500 | |||
| 590 | |a Gimish | ||
| 650 | |a Programming languages-Basic | ||
| 942 | |c BK | ||
| 999 | |c 82004 |d 82004 | ||
| 952 | |0 0 |1 0 |4 0 |6 R_005_000000000000000_13B_ZAKY |7 0 |9 95472 |a PHY |b PHY |l 0 |o R 005.13B ZAK-Y |p PHY03683 |r 2019-09-24 |w 2019-09-24 |y BK | ||